000 00336nam a22001097a 4500
008 230703b xxu||||| |||| 00| 0 eng d
082 _a346.6
_bJUM.
245 _aInnovation and Sovereignty
_bThe Patent Debate in African Development
260 _aNairobi
_bAfrican Centre for Technology Studies
_c1980
300 _aIX,252p
942 _2ddc
_cBK
999 _c3172
_d3172